MARC

LEADER 00000nam0a2200000 4500
001 259810
005 20231101233423.0
010 |a 5020066087 
020 |a RU  |b 88-30417 
035 |a (RuTPU)RU\TPU\book\282756 
090 |a 259810 
100 |a 20140512d1988 k y0rusy5003 ca 
101 0 |a rus 
102 |a RU 
105 |a y z 001zy 
200 1 |a Система проектирования ТОПТРАН  |f В. И. Никишин, В. И. Водолазский  |g Академия наук СССР (АН СССР) ; под ред. Э. В. Лысенко 
210 |a Москва  |c Наука  |d 1988 
215 |a 112 с.  |d 22 см 
320 |a Библиогр.: с. 112 (20 назв.). 
606 1 |a Микроэлектронные схемы интегральные  |x Проектирование  |x Испытание  |2 stltpush  |3 (RuTPU)RU\TPU\subj\43847  |9 63288 
610 1 |a автоматизация 
610 1 |a автоматизированные системы проектирования 
610 1 |a программное обеспечение 
610 1 |a базы данных 
675 |a 621.382.049.77.001  |z rus  |v 3 
700 1 |a Никишин  |b В. И.  |g Валерий Иванович  |4 070 
701 1 |a Водолазский  |b В. И.  |g Вячеслав Иванович  |4 070 
702 1 |a Лысенко  |b Э. В.  |4 340 
712 0 2 |a Академия наук СССР (АН СССР)  |2 stltpush  |3 (RuTPU)RU\TPU\col\722 
801 0 |a RU  |b RuMRKP  |c 19950417  |g psbo 
801 1 |a RU  |b 63413507  |c 20140512 
801 2 |a RU  |b 63413507  |c 20160411  |g RCR 
942 |c BK